| 000 | 00544nam a2200145Ia 4500 | ||
|---|---|---|---|
| 008 | 100122s9999 xx 000 0 und d | ||
| 082 |
_b1986 _a823 |
||
| 100 | _aफाटक गणेश शास्त्री | ||
| 245 | _aआर्यधर्माचा जय जयकार | ||
| 260 |
_bविनायक अण्णाराव घैसास _c1927 |
||
| 300 | _a72 | ||
| 630 | _aआर्यधर्माचा जय जयकार | ||
| 730 | _aआर्यधर्माचा जय जयकार | ||
| 942 | _cBOOK | ||
| 999 |
_c396501 _d396498 |
||